Statystyki dla Popularne numery rap/trap tygodnia 02-08.07 Spotify.

Kliknij tutaj aby rozwiązać quiz!

Ogólne statystyki

  • Ten quiz został rozwiązany 12 razy
  • Średni wynik to 16 z 30

Statystyki odpowiedzi

WykonawcaOdsłuchaniaUtwór% Poprawnych
Ekipa, Jacuś885KZygzak
100%
Mata2.82MKiss cam (podryw roku)
92%
Kizo1.68MDisney
83%
Sobel1.04MFiołkowe Pole
83%
Ekipa, Roxie565KNapad na bank
83%
Mata728KPatoreakcja
75%
OIO673KWorki W Tłum
75%
OIO837KAmerykańskie Teledyski
67%
Sobel1.05MBandyta
67%
Ekipa, Janusz Walczuk351KSzlafroki
67%
White 2115405KCalifornia
58%
Sobel520KKinol
58%
Kizo, Wac Toja800KNasze Lato
58%
Sobel462KImpreza
50%
Wiatr, Sobel, Be Vis510KTestarossa
50%
Guzior, Oskar83424KFALA
42%
Chivas, White 2115526KMam Na Twarzy Krew I Tym Razem Nie Jest Sztuczna
42%
Sobel, Young Igi375KNie Teraz
42%
OIO555KPrzypadkiem
42%
Żabson, Kizo, ZetHa764KPuerto Bounce
42%
Mata432KSchodki
42%
Sobel364KAlien
33%
Guzior449KBLUEBERRY
33%
White 2115875KBooker (baw się)
33%
Białas, White 2115521KŚwięto Ogródka
33%
Kizo, Trill Pem396KFitness
25%
Chivas, White 2115, Szpaku371KHellcat Redeye
25%
Zdechły Osa469KPatolove
25%
Reto619KBourbon
17%
Paluch360KKażdy blok
17%

Rozkład punktacji

Percentyl według liczby udzielonych odpowiedzi

Procent ludzi z każdym wynikiem

Twoja historia wyników

Nie rozwiązałeś tego quizu